| 000 | 01405nam0a2200349 4500 | ||
|---|---|---|---|
| 001 | RU\NLR\bibl\524977 | ||
| 005 | 20260406052026.0 | ||
| 010 |
_a5-17-022292-0 _bАСТ |
||
| 010 |
_a5-271-07994-5 _bАстрель |
||
| 010 |
_a5-9578-0374-X _bТранзиткнига _915000 |
||
| 021 |
_aRU _b2004-24778 _91256 |
||
| 035 | _a(NLR Aleph) 000517355 | ||
| 090 |
_a1271260 _c1271260 |
||
| 100 | _a20040531d2004 |||y0rusy50 ca | ||
| 101 | 0 | _arus | |
| 102 | _aRU | ||
| 105 | _aa ||||||||| | ||
| 200 | 1 |
_aРусские горки _eКонец Рос. государства _fСергей Валянский, Дмитрий Калюжный |
|
| 210 |
_aМ. _cАСТ и др. _d2004 |
||
| 215 |
_a556,[1] c. _cпортр. _d21 |
||
| 225 | 1 | _aВеликие противостояния | |
| 300 | _aНа 3-й с. 1-й авт.: Валянский С.И., к.ф.-м.н. | ||
| 320 | _aБиблиогр. в конце кн. (139 назв.) | ||
| 607 |
_aСССР _xИстория _9912491 _3RU\NLR\auth\6613829 |
||
| 686 | _aТ3(2)7,02 | ||
| 700 | 1 |
_4070 _8rus _7ca _aВалянский _bС. И. _f1949- _gСергей Иванович _3RU\NLR\auth\777129 _9117068 |
|
| 701 | 1 |
_4070 _8rus _7ca _aКалюжный _bД. В. _f1952- _gДмитрий Витальевич _3RU\NLR\auth\777130 _9117069 |
|
| 801 | 0 |
_aRU _bNLR _c20040531 _gPSBO |
|
| 801 | 1 |
_aRU _bNLR _c20040531 |
|
| 942 | _cBOOK | ||
| 980 | _aNB | ||